Manual de bioseguridad para técnicos de laboratorio /
Guardado en:
| Autor Principal: | |
|---|---|
| Otros Autores: | |
| Formato: | Libro |
| Publicado: |
Buenos Aires :
Asociación Argentina de Microbiología,
1992
|
| Materias: | |
| Etiquetas: |
Agregar Etiqueta
Sin Etiquetas, Sea el primero en etiquetar este registro!
|
| LEADER | 01036nam a22002175a 4500 | ||
|---|---|---|---|
| 001 | CEM.cems017874 | ||
| 005 | 20121109085934.0 | ||
| 008 | 130507s1992##################000#0#####d | ||
| 003 | CEMS | ||
| 020 | |a 9509939927 | ||
| 082 | 0 | 4 | |a 576 |
| 100 | 1 | |a Lucero, Nidia E. | |
| 245 | 1 | 0 | |a Manual de bioseguridad para técnicos de laboratorio / |c Coordinado Por Nidia E. Lucero y Celia E. Coto |
| 260 | |a Buenos Aires : |b Asociación Argentina de Microbiología, |c 1992 | ||
| 300 | |a 81 p. | ||
| 500 | |a Acta Bioquímica Clínica Latinoamericana, Suplemento No. 2, 1992 | ||
| 505 | 0 | |a Bioseguridad en el laboratorio -- Nociones de microbiología -- Operaciones microbiológicas -- Niveles de bioseguridad -- Laboratorio de análisis clínicos -- Manejo de equipos y almacenamiento de productos químicos -- Inmunoprofilaxis -- Recepción y envío de muestras -- Emergencias -- Primeros auxilios | |
| 653 | |a Seguridad | ||
| 653 | |a Laboratorios-seguridad | ||
| 700 | 1 | |a Coto, Celia E. | |
| 859 | |a CEMS |b BIB. CEMS - Agricultura |h 576 |i L963 |p A0595.05 |t Ej.1 |v 2 |3 2 | ||
